Terms of Office by Country - Statistics

General Stats
  • This quiz has been taken 30 times
  • The average score is 4 of 5
Answer Stats
Term Length Country % Correct
4 Years Argentina / Brazil / Chile / Colombia / Costa Rica / Dominican Republic / Ecuador / Egypt / Ghana / Guatemala / Honduras / Iceland / Iran / Iraq / Kiribati / Latvia / Lebanon / Marshall Islands / Micronesia / Mongolia / Moldova / Nauru / Nigeria / Niger / Palau / Somalia / Taiwan / United States / Bosnia and Herzegovina / Switzerland
100%
5 Years Afghanistan / Albania / Algeria / Angola / Armenia / Azerbaijan / Bangladesh / Belarus / Benin / Bolivia / Botswana / Bulgaria / Burkina Faso / Burundi / Cape Verde / Central African Republic / Chad / China / Comoros / Ivory Coast / Croatia / Cuba / Cyprus / Czech Republic / Democratic Republic of the Congo / Dominica / El Salvador / Equatorial Guinea / Estonia / Fiji / France / Gambia / Georgia / Germany / Greece / Guinea / Guinea-Bissau / Guyana / Haiti / Hungary / India / Indonesia / Kazakhstan / Kenya / Laos / Lithuania / North Macedonia / Madagascar / Malawi / Malaysia / Maldives / Mali / Malta / Mauritania / Mauritius / Montenegro / Mozambique / Myanmar / Namibia / Nepal / Nicaragua / Pakistan / Panama / Paraguay / Peru / Poland / Portugal / Romania / São Tomé and Príncipe \ Senegal / Serbia / Seychelles / Sierra Leone / Slovakia / Slovenia / South Africa / South Korea / South Sudan / Sri Lanka / Sudan / Suriname / Tanzania / Timor-Leste / Togo / Trinidad and Tobago / Tunisia / Turkey / Turkmenistan / Uganda / Ukraine / Uruguay / Vanuatu / Vietnam / Zambia / Zimbabwe
92%
Until Removed From Office Antigua and Barbuda / Australia / Bahamas / Bahrain / Barbados / Belgium / Bhutan / Brunei / Cambodia / Canada / Denmark / Grenada / Italy / Jamaica / Japan / Jordan / Kuwait / Lesotho / Liechtenstein / Luxembourg / Monaco / Morocco / Netherlands / New Zealand / North Korea / Norway / Oman / Papua New Guinea / Qatar / Saint Kitts and Nevis / Saint Lucia / Saint Vincent and the Grenadines / Samoa / Saudi Arabia / Solomon Islands / Spain / Eswatini / Sweden / Thailand / Tonga / Tuvalu / United Arab Emirates / United Kingdom / Vatican City / Andorra
79%
6 Years Austria / Djibouti / Ethiopia / Finland / Kyrgyzstan / Liberia / Mexico / Philippines / Russia / Singapore / Venezuela
71%
7 Years Cameroon / Congo / Gabon / Ireland / Israel / Rwanda / Syria / Tajikistan / Uzbekistan / Yemen
46%
No matching quizzes found
Score Distribution
Percent of People with Each Score
Percentile by Number Answered
Your Score History
You have not taken this quiz